000 nam a22 7a 4500
999 _c8278
_d8278
008 171213b xxu||||| |||| 00| 0 eng d
100 _aNCERT
_94699
245 _aWorkbook English
260 _aNew Delhi
_bNCERT
_c1972